| 000 | 00491nam a22001577a 4500 | ||
|---|---|---|---|
| 082 |
_a621.31 _bHAS |
||
| 100 |
_aHaseeb, Abdul (328828) _9132355 |
||
| 245 | _aImpact of Electric Vehicle Parking Lots and Electric Train with Photovoltaic Panels on Grid / | ||
| 264 |
_aIslamabad : _bUSPCAS-E, NUST _cAugust, 2024 |
||
| 300 |
_axiv, 44 p. _e+CD |
||
| 520 | _aTH-634 | ||
| 650 | _aMS EEP Thesis | ||
| 650 |
_aMS Thesis _918721 |
||
| 700 | _aSupervisor: Dr. Muhammad Yousif | ||
| 942 |
_2ddc _cTHE |
||
| 999 |
_c615566 _d615566 |
||